Statistics for Airline Tail Logos

Click here to take the quiz!

General Stats

  • This quiz has been taken 763 times
  • The average score is 10 of 15

Answer Stats

Answer% Correct
Japan
85%
British
84%
Lufthansa
84%
Korean
79%
Thai
79%
United
79%
Qatar
74%
Singapore
72%
Turkish
72%
France
64%
Aeroflot
60%
New Zealand
55%
Mexico
48%
latam
43%
Shri Lankan
5%

Score Distribution

Percentile by Number Answered

Percent of People with Each Score

Your Score History

You have not taken this quiz